[Event "Washington Open Championship"]
[Site "Seattle, WA"]
[Date "2013.05.25"]
[Round "1"]
[White "Pyle Galen  (OR)"]
[Black "Arond Paul  (WA)"]
[Result "1/2-1/2"]
[WhiteElo "1865"]
[BlackElo "1729"]
[Annotator ""]
[Source ""]
[Remark "Premier"]

1.e4 e6 2.d4 d5 3.Nc3 Nf6 4.Bg5 Be7 5.e5 Nfd7 6.h4 h6 7.Bxe7
Qxe7 8.Qg4 O-O 9.Nf3 f5 10.Qf4 ( 10.Qf4 c5 11.O-O-O a6 12.Ne2
Re8 13.g4 fxg4 14.Qxg4 c4 15.Rg1 Nc6 16.Bh3 Qf7 17.Qg6 Nf8 18.Qxh6
Re7 19.Qe3 Qh5 20.Nf4 Qh6 21.Nxd5 exd5 22.Qxh6 {1-0, Trajkovic Dusan (SCG) 2243 - Malesevic Nedelj (SWE) 2282, Novi Sad (Yugoslavia) 1988}
) a6 11.O-O-O c5 12.Rh3 cxd4 13.Ne2 d3 14.Rxd3 Nc5 15.Rd1 Ne4
16.Qe3 Bd7 17.Nf4 Be8 18.Nd4 Bf7 19.f3 Nc5 20.Kb1 Nc6 21.g4 Nxd4
22.Qxd4 fxg4 23.fxg4 Rac8 24.g5 hxg5 25.hxg5 Qxg5 26.Be2 Bg6
27.Nxg6 Qxg6 28.Rg1 $16 ( 28.Rdh1 Qg2 29.R3h2 {+-} ) Qe4 29.Qd2
Qf4 30.Qxf4 Rxf4 31.Rhg3 Rc7 32.Rg6 Re4 33.Bg4 Re7 34.Rg5 Rf4
35.a3 a5 36.Rg6 $17 1/2-1/2

[Event "Washington Open Championship"]
[Site "Seattle, WA"]
[Date "2013.05.25"]
[Round "1"]
[White "Pupols Viktors  (WA)"]
[Black "Nagase Toshihiro  (WA)"]
[Result "1-0"]
[WhiteElo "2200"]
[BlackElo "1794"]
[Annotator ""]
[Source ""]
[Remark "Open"]

1.d4 f5 2.Nc3 Nf6 3.Bg5 e6 4.e4 h6 5.Bxf6 Qxf6 6.e5 Qf7 7.f4
Bb4 8.Nge2 b6 9.a3 Be7 10.Qd2 Bb7 11.O-O-O Nc6 12.Rg1 O-O-O 13.g3
Qf8 14.Kb1 Na5 15.Nc1 g5 16.Bg2 Ba6 17.Nb3 Nc4 18.Qc1 gxf4 19.gxf4
Bh4 20.Rgf1 Rg8 21.Bf3 Rg7 22.Ka2 Bb7 23.d5 exd5 24.Nxd5 Qf7
25.Rd4 Na5 26.Nxa5 bxa5 27.b3 Ba6 28.Rfd1 Bf2 29.Qd2 Bxd4 30.Qxa5
Bb7 1-0

[Event "Washington Open Championship"]
[Site "Seattle, WA"]
[Date "2013.05.25"]
[Round "1"]
[White "Raffel Brian  (WA)"]
[Black "Arganian David (WA)"]
[Result "0-1"]
[WhiteElo "1477"]
[BlackElo "2000"]
[Annotator ""]
[Source ""]
[Remark "Open"]

1.e4 c5 2.Nf3 d6 3.d4 cxd4 4.Nxd4 Nf6 5.Nc3 a6 6.Bc4 e6 7.Bb3
b5 8.a3 Be7 9.O-O O-O 10.f4 Bb7 11.e5 dxe5 12.fxe5 Nfd7 13.Nf3
Qc7 14.Qe2 Nc6 15.Re1 Na5 16.Ba2 Rac8 17.Ng5 Nc4 18.Bxc4 Qxc4
19.Qh5 h6 20.Nge4 Qd4+ 21.Be3 Qxe5 22.Qg4 f5 23.Qg6 fxe4 24.Rad1
Rf6 25.Qg4 Nf8 26.Bd4 Bc5 27.Bxc5 Qxc5+ 28.Kh1 Rg6 29.Qe2 e3
30.Rg1 Rc7 31.Rd3 Rf7 32.Rxe3 Qc4 33.Qe1 Bxg2+ 0-1

[Event "Washington Open Championship"]
[Site "Seattle, WA"]
[Date "2013.05.25"]
[Round "1"]
[White "Ramesh Jothi  (WA)"]
[Black "Bartron Paul  (WA)"]
[Result "0-1"]
[WhiteElo "1695"]
[BlackElo "2138"]
[Annotator ""]
[Source ""]
[Remark "Open"]

1.c4 e5 2.d3 Nf6 3.g3 d5 4.Bg2 dxc4 5.Qa4+ c6 6.Qxc4 Be6 7.Qh4
Qb6 8.Nf3 Nbd7 9.O-O Be7 10.Qg5 h6 11.Qd2 e4 12.Ne1 O-O-O 13.Qc2
Nd5 14.Bd2 e3 15.Bxe3 Nxe3 16.fxe3 Qxe3+ 17.Kh1 Ne5 18.Nc3 f5
19.Rf4 g5 20.Ra4 Kb8 21.Nf3 Ng4 22.Nd1 Qb6 23.h3 h5 24.Nh2 Bd6
25.Qd2 Nxh2 26.Kxh2 h4 27.Qxg5 hxg3+ 28.Kh1 f4 29.h4 Qb5 30.Qxb5
Rxh4+ 31.Kg1 cxb5 32.Re4 Bd5 0-1

[Event "Washington Open Championship"]
[Site "Seattle, WA"]
[Date "2013.05.26"]
[Round "1"]
[White "Roush Jason  (WA)"]
[Black "Roberge David  (WA)"]
[Result "1-0"]
[WhiteElo "937"]
[BlackElo "628"]
[Annotator ""]
[Source ""]
[Remark "Novice"]

1.e4 e5 2.Nf3 Nc6 3.Nc3 Nf6 4.h3 Bb4 5.Bc4 O-O 6.d4 d6 7.Qd3
Be6 8.d5 Bd7 9.O-O ( 9.dxc6 ) Ne7 10.Ng5 h6 11.a3 Bc5
( 11...Bxc3 12.bxc3 hxg5 ) 12.b4 Bb6 13.Qg3 Ng6 14.Ne2 Ba4 15.Bd3
hxg5 16.Bxg5 Bd7 17.a4 a6 18.c4 a5 19.c5 Ba7 20.Qf3 axb4 21.Ng3
Bxc5 22.Nh5 Rxa4 23.Bxf6 gxf6 24.Nxf6+ Kg7 25.Nxd7 Qxd7 26.Bc2
Ra6 27.h4 Rb6 28.Bd1 Bd4 29.Rb1 Bc3 30.h5 c6 {?} ( 30...Nf4 )
31.Qe3 cxd5 {?} ( 31...c5 ) 32.Qxb6 Nf4 33.Qe3 dxe4 34.Qxe4 f6
35.Bc2 d5 {??} ( 35...f5 $17 ) 36.Qh7# 1-0

[Event "Washington Open Championship"]
[Site "Seattle, WA"]
[Date "2013.05.26"]
[Round "1"]
[White "Thongmee Thomas  (WA)"]
[Black "Zhang Brendan  (WA)"]
[Result "0-1"]
[WhiteElo "1661"]
[BlackElo "1749"]
[Annotator ""]
[Source ""]
[Remark "Premier"]

1.e4 e6 2.d4 d5 3.exd5 exd5 4.c4 Nf6 5.Nc3 Be6 6.Qb3 Qe7 7.Be3
c6 8.Nf3 Qb4 9.c5 Qxb3 10.axb3 g6 11.Bd3 Bg7 12.Ng5 O-O 13.Kd2
Ng4 14.h3 Nxe3 15.fxe3 Bh6 16.h4 Re8 17.Raf1 Nd7 18.b4 f6 19.Nxe6
Rxe6 20.Rf3 Rae8 21.Nd1 f5 22.h5 Kg7 23.hxg6 hxg6 24.Rfh3 Rh8
25.Nf2 Nf6 26.Rg3 Kf7 27.Rgh3 Kg7 28.Rg3 Ne4+ 29.Bxe4 dxe4 30.Rgh3
g5 31.Rh5 Rf8 32.g4 f4 33.Nxe4 Rxe4 34.Rxh6 Rxe3 35.Rh7+ Kg8
36.Rh8+ Kf7 37.R1h7+ Kg6 38.Rxf8 Kxh7 39.Rf7+ Kg6 40.Rxb7 Rb3
41.Rxa7 Rxb2+ 42.Kc3 Re2 43.Ra1 Kf6 44.Rf1 Ke6 45.Kd3 Re3+ 46.Kd2
Kd5 47.Rh1 Kxd4 48.Rh5 Re5 49.Rh6 Kc4 50.Rxc6 Kxb4 51.Rc8 Rxc5
52.Rxc5 Kxc5 53.Kd3 Kd5 54.Ke2 Ke4 55.Kf2 f3 56.Ke1 Kf4 57.Kf2
Kxg4 0-1

[Event "Washington Open Championship"]
[Site "Seattle, WA"]
[Date "2013.05.25"]
[Round "1"]
[White "Yeo Noah  (WA)"]
[Black "O'Connell Sean (OR)"]
[Result "0-1"]
[WhiteElo "1485"]
[BlackElo "1764"]
[Annotator ""]
[Source ""]
[Remark "Premier"]

1.e4 g6 2.Nf3 Bg7 3.Bc4 d6 4.h3 Nf6 5.Nc3 O-O 6.d3 Nbd7 7.Be3
a6 8.Qd2 b5 9.Bb3 Re8 10.Bh6 Bh8 11.Qg5 e6 12.Nh4 Nc5 13.O-O
Bb7 14.f4 Nfd7 15.Qg3 Bd4+ 16.Kh1 b4 17.Ne2 Bxb2 18.Rab1 Bf6
19.Bg5 a5 20.Bxf6 Qxf6 21.f5 Qe5 22.fxg6 hxg6 23.Qxe5 Nxe5 24.d4
Nxb3 25.axb3 Nd7 26.Ng3 c5 27.Rfd1 Nf6 28.e5 dxe5 29.dxe5 Nd5
30.Rd2 Nc3 31.Rf1 Red8 32.Rdf2 Rd7 33.Nf3 Rad8 34.Ng5 Rd2 35.Nxf7
Rxf2 36.Rxf2 Rd1+ 37.Kh2 Ne4 38.Nxe4 Bxe4 39.Nd6 Bd5 40.Re2 Ra1
41.g4 Ra2 42.Nc4 Bxc4 43.bxc4 b3 44.Re3 Rxc2+ 45.Kg3 a4 0-1

[Event "Washington Open Championship"]
[Site "Seattle, WA"]
[Date "2013.05.25"]
[Round "2"]
[White "Lomboy Gilbert  (WA)"]
[Black "McCorkle Wade  (WA)"]
[Result "1-0"]
[WhiteElo "1558"]
[BlackElo "1288"]
[Annotator ""]
[Source ""]
[Remark "Booster"]

1.e4 c6 2.c4 d5 3.exd5 cxd5 4.d4 Nf6 5.a3 Bf5 6.Nf3 Nc6 7.Nc3
e6 8.h3 dxc4 9.Bxc4 Be7 10.O-O O-O 11.Re1 a6 12.Be3 b5 13.Bd3
Bxd3 14.Qxd3 Nd5 15.Nxd5 Qxd5 16.Rac1 Rac8 17.Re2 e5 18.Qb1
( 18.Qd1 {%02 is better} ) e4 19.Nh2 Na5 20.Rd1 f5 21.Bf4 Bd6
22.Bxd6 Qxd6 23.f3 exf3 24.Nxf3 g6 25.Kh1 Rfe8 26.Re5 Rxe5 27.dxe5
Qe6 28.Rd6 Qe7 29.Qd3 Nc4 30.Qd5+ Kh8 31.Rd7 Qf8 32.Ng5 Qg8 33.e6
Nb6 34.Qd4+ 1-0

[Event "Washington Open Championship"]
[Site "Seattle, WA"]
[Date "2013.05.25"]
[Round "2"]
[White "Chan James  (CAN)"]
[Black "Campbell Tim  (WA)"]
[Result "1-0"]
[WhiteElo "2027"]
[BlackElo "1745"]
[Annotator ""]
[Source ""]
[Remark "Open"]

1.e4 c5 2.Nf3 Nc6 3.d4 cxd4 4.Nxd4 g6 5.c4 Bg7 6.Nc2 Nf6 7.Nc3
O-O 8.Be2 d6 9.O-O Bd7 10.Bd2 Rc8 11.Rb1 Ne5 ( 11...a6 12.f3
Ne5 13.b3 b5 14.Nd5 bxc4 15.bxc4 Nxc4 16.Bxc4 Rxc4 17.Nce3 Rd4
18.Qc1 e6 19.Bc3 Ra4 20.Nb6 Bb5 21.Nxa4 Bxa4 22.Qb2 Bc6 23.Ng4
{0-1, Borrazas Ramon - Gil Reguera Juan Carlos (ESP) 2345, La Coruna (Spain) 1996}
) 12.Ne3 Bc6 13.f3 e6 14.Qb3 Ned7 15.Qa3 Nb6 16.Rfd1 Qc7 17.Rbc1
Rfd8 18.Be1 Bf8 19.Qb3 Bh6 20.Bf2 d5 {?} 21.cxd5 exd5 22.Nb5
Qe5 23.Nxa7 Ba4 24.Qxb6 Bxd1 25.Nxc8 Bxe2 26.Qxd8+ Kg7 27.Nd6
dxe4 28.Qh8+ Kxh8 29.Nxf7+ Kg8 30.Nxe5 exf3 31.Rc8+ 1-0

[Event "Washington Open Championship"]
[Site "Seattle, WA"]
[Date "2013.05.25"]
[Round "2"]
[White "Sun Maxwell  (OR)"]
[Black "Arond Paul  (WA)"]
[Result "1-0"]
[WhiteElo "1832"]
[BlackElo "1729"]
[Annotator ""]
[Source ""]
[Remark "Premier"]

1.e4 e6 2.d3 d5 3.Nd2 Nf6 4.Ngf3 Nc6 5.c3 dxe4 6.dxe4 a6 7.b4
Be7 ( 7...Be7 8.Qc2 O-O 9.Be2 Nd7 10.O-O Bf6 11.Bb2 Qe7 12.a4
Rd8 13.Nc4 g5 14.Rad1 Nde5 15.Ncxe5 Nxe5 16.Rxd8+ Qxd8 17.c4
Nxf3+ 18.Bxf3 e5 19.h3 Qe7 20.c5 Be6 21.Rd1 Rd8 22.Rxd8+ Qxd8
23.c6 bxc6 24.Qxc6 Qd2 25.Qc3 Qxc3 26.Bxc3 Bd7 27.Bd1 Kf8 28.Kf1
Ke8 29.Bb3 Bg7 30.Ke2 f6 31.Kd3 Bf8 32.f3 h5 33.a5 Bb5+ 34.Bc4
c6 35.h4 Bd6 36.hxg5 fxg5 37.Bd2 Be7 38.Kc3 Kf8 39.Be3 Kg7 40.Bb6
Bf6 41.Bc5 Kg6 42.Kd3 Bd8 43.Bd6 Bf6 44.Bc5 Kg7 45.Bd6 Kg6 46.Bc5
Kg7 47.Bd6 {1/2-1/2, Mortensen Erling (DEN) 2480 - Bjerring Kai (DEN) 2298, Denmark 1990}
) 8.Be2 O-O 9.O-O Nd7 10.Bb2 Bf6 11.Qc2 g6 12.a3 Bg7 13.Rad1
Qf6 14.Ba1 Qf4 15.Nd4 Nce5 16.g3 Qh6 17.f4 Nc6 18.Bf3 e5 19.Nxc6
bxc6 20.f5 Nf6 21.Nc4 Nh5 22.Bb2 Bf6 23.Bc1 Qg7 24.Qe2 Nxg3 25.hxg3
gxf5 26.exf5 Rb8 27.Bxc6 Kh8 28.Qh2 Qg4 1-0

[Event "Washington Open Championship"]
[Site "Seattle, WA"]
[Date "2013.05.25"]
[Round "2"]
[White "Truong Kenneth  (WA)"]
[Black "He Daniel  (WA)"]
[Result "0-1"]
[WhiteElo "1815"]
[BlackElo "2131"]
[Annotator ""]
[Source ""]
[Remark "Open"]

1.e4 c5 2.Nc3 a6 3.f4 b5 4.g3 Bb7 5.Bg2 e6 6.Qe2 Nc6 7.Nf3 Nd4
8.Nxd4 cxd4 9.Nd1 Qb6 10.b3 Rc8 11.Bb2 b4 12.Qd3 Bc5 13.Ne3 dxe3
14.Bxg7 a5 {?} ( 14...exd2+ {%02$15/$17} ) 15.Bxh8 {??}
( 15.c4 $14 ) Ba6 16.c4 bxc3 17.Qxc3 f6 18.Rc1 exd2+ 19.Qxd2
Bb4 20.Rxc8+ Bxc8 21.Qxb4 Qxb4+ 22.Kf2 Qd2+ 23.Kf3 Ba6 24.Bf1
Qd1+ 0-1

[Event "Washington Open Championship"]
[Site "Seattle, WA"]
[Date "2013.05.25"]
[Round "2"]
[White "Chandrasekar Siddharth  (WA)"]
[Black "Smith Andrew  (WA)"]
[Result "0-1"]
[WhiteElo "955"]
[BlackElo "946"]
[Annotator ""]
[Source ""]
[Remark "Booster"]

1.e4 c5 2.c3 g6 3.d4 cxd4 4.cxd4 Bg7 5.Nf3 Nf6 6.Nc3 d6 7.Be3
a6 8.Bc4 e6 9.O-O b5 10.Bb3 Bb7 11.Qd3 O-O 12.d5 exd5 13.exd5
Nbd7 14.a4 Nc5 15.Bxc5 dxc5 16.axb5 axb5 17.Rad1 c4 18.Qc2 cxb3
19.Qxb3 Qd7 20.Ne5 Qf5 21.Rfe1 Ng4 22.Nf3 Rfe8 23.Rxe8+ Rxe8
24.Qxb5 Qc8 25.Ne4 Rxe4 26.d6 Bf6 27.d7 Qc7 28.h3 Ne5 29.Nxe5
Rxe5 30.Qa4 Kg7 31.Qg4 Bd8 32.Qg3 Bxg2 33.Qxg2 Rg5 34.Qxg5 Bxg5 0-1

[Event "Washington Open Championship"]
[Site "Seattle, WA"]
[Date "2013.05.25"]
[Round "2"]
[White "Michaels Trey  (WA)"]
[Black "Rupel David  (WA)"]
[Result "0-1"]
[WhiteElo "1811"]
[BlackElo "2091"]
[Annotator ""]
[Source ""]
[Remark "Open"]

1.Nf3 c5 2.g3 g6 3.Bg2 Bg7 4.O-O Nc6 5.d3 d6 6.Nbd2 e5 7.e4 Nge7
8.a4 O-O 9.Nc4 h6 10.c3 Be6 11.Nfd2 d5 12.exd5 Bxd5 13.Ne4 f5
14.Ned6 Bxg2 15.Kxg2 Rb8 16.h4 Rf6 17.Nb5 Qd5+ 18.Kh2 f4 19.g4
Rd8 20.Qb3 Kh7 21.g5 Rf5 22.gxh6 Rh5 23.f3 Rxh6 24.Nc7 Qxd3 25.Ne6
Qe2+ 26.Kg1 0-1

[Event "Washington Open Championship"]
[Site "Seattle, WA"]
[Date "2013.05.25"]
[Round "2"]
[White "Cigan Jason  (OR)"]
[Black "Pechisker Alfred  (CAN)"]
[Result "0-1"]
[WhiteElo "2060"]
[BlackElo "2172"]
[Annotator ""]
[Source ""]
[Remark "Open"]

1.d4 g6 2.e4 Bg7 3.c4 d6 4.Nc3 e5 5.Nge2 Nc6 6.Be3 f5 7.exf5
gxf5 8.dxe5 dxe5 9.f4 Qe7 10.Nd5 Qf7 11.Nec3 Be6 12.Be2 O-O-O
13.Qa4 Nge7 14.Nxe7+ Qxe7 15.O-O e4 16.Rfd1 Bd4 17.Bxd4
( 17.Rxd4 Nxd4 18.Bxd4 Rxd4 19.Qxa7 {=} ) Rxd4 $17 18.Nb5 Rxd1+
19.Rxd1 Qc5+ 20.Kf1 Qe3 21.g3 h5 22.Qc2 h4 23.Qd2 Qc5 24.Qc3
Qf8 25.Nd4 Nxd4 26.Qxd4 Kb8 27.Ke1 hxg3 28.hxg3 b6 29.a3 Rg8
30.Kf2 Qh6 31.Rg1 Bc8 32.Qd5 Rf8 33.Qd1 Bb7 34.Ke3 c5 35.Qd7
Bc6 36.Qe7 Re8 37.Qh4 Qg7 38.Rd1 Qxb2 39.Rd8+ Kb7 40.Kf2 e3+
41.Kf1 Qb1+ 42.Rd1 Qe4 0-1

[Event "Washington Open Championship"]
[Site "Seattle, WA"]
[Date "2013.05.25"]
[Round "2"]
[White "Huang Patrtick  (CAN)"]
[Black "Kelly Mack  (WA)"]
[Result "0-1"]
[WhiteElo "1449"]
[BlackElo "1546"]
[Annotator ""]
[Source ""]
[Remark "Reserve"]

1.e4 e5 2.Nf3 Nf6 3.Nc3 Nc6 4.Bc4 Nxe4 5.Bxf7+ Kxf7 6.Nxe4 d5
7.Nfg5+ Kg8 8.Qf3 Qe7 9.Nc3 e4 ( 9...e4 10.Qf4 Be6 11.Nxe6 Qxe6
12.Qxc7 Rc8 13.Qxb7 Nd4 14.Kd1 Bc5 15.Qxd5 Qxd5 16.Nxd5 Bd6 17.c3
Nf5 18.Re1 Re8 19.f3 Bxh2 20.fxe4 Bg3 21.Re2 Nd6 22.d3 {1-0, Berwanger Tobias (GER) - Stiefel Michael (GER) 2071, Schoeneck (Germany) 2002}
) 10.Ncxe4 h6 11.Qb3 hxg5 12.Qxd5+ Be6 13.Qxg5 Qxg5 14.Nxg5 Bd5
15.f3 Re8+ 16.Kd1 Bd6 17.h3 Rh5 18.d3 Nd4 19.c3 Nf5 20.Ne4 Bxe4
21.fxe4 Ng3 22.Re1 Rf8 23.d4 Rf2 24.e5 Be7 25.Rg1 c5 26.Rb1 cxd4
27.cxd4 Rhf5 28.Bd2 Nf1 29.Bc3 Ne3+ 30.Kc1 Rc2# 0-1

[Event "Washington Open Championship"]
[Site "Seattle, WA"]
[Date "2013.05.25"]
[Round "2"]
[White "Ramasamy Vikram  (WA)"]
[Black "Tan Alan  (WA)"]
[Result "0-1"]
[WhiteElo "1540"]
[BlackElo "1490"]
[Annotator ""]
[Source ""]
[Remark "Reserve"]

1.e4 Nf6 2.Nc3 d5 3.exd5 Nxd5 4.Nxd5 Qxd5 5.Qf3 Qc6 6.c3 e5 7.Bd3
Bd6 8.Qe2 ( 8.Be4 ) Qxg2 9.Be4 Qg5 10.d4 Qf6 11.Nf3 h6 12.dxe5
Bxe5 13.Nxe5 Qxe5 14.Bc6+ {??} ( 14.Bf4 Qxf4 15.Bxb7+ $16 ) Nxc6
15.Be3 Bd7 16.O-O-O O-O-O 17.Rhe1 Rhe8 18.Qf3 Qf6 19.Qg2 Kb8
20.Rg1 g5 21.Rde1 Ne5 22.Rd1 Nf3 23.Rgf1 g4 24.Qg3 h5 25.Bf4
Qb6 26.Be3 Qc6 27.Qf4 Be6 28.Qf6 Rxd1+ 29.Rxd1 b6 30.Qh6 Qe4
31.b3 Bf5 32.Kb2 Re5 33.Rc1 Qd3 34.b4 Qc4 35.Qf8+ Kb7 36.a3 Be6
37.Ra1 Qe2+ 38.Kc1 Bb3 0-1

[Event "Washington Open Championship"]
[Site "Seattle, WA"]
[Date "2013.05.25"]
[Round "2"]
[White "Haining Kyle  (WA)"]
[Black "Mathews Dan  (WA)"]
[Result "1-0"]
[WhiteElo "1904"]
[BlackElo "1714"]
[Annotator ""]
[Source ""]
[Remark "Open"]

1.e4 Nc6 2.d4 d5 3.e5 Bf5 4.c3 e6 5.Nf3 Be7 6.Bf4 g5
( 6...h5 7.Nbd2 Nh6 8.b4 Nb8 9.Nb3 b6 10.a4 a5 11.b5 c6 12.bxc6
Nxc6 13.Bb5 Rc8 14.O-O h4 15.Qd2 Bg4 16.h3 Bxf3 17.gxf3 Nf5 18.Kh2
Kf8 19.Rg1 Rh5 20.Rg2 g6 21.Nc1 Na7 22.Bd3 Rb8 23.Rb1 Qd7 24.Qc2
Kg7 25.Ne2 Rhh8 26.Bxf5 exf5 27.e6 Qxe6 28.Be5+ Kh7 29.Nf4 Qc6
30.Bxb8 Rxb8 31.Nd3 Bf6 32.Ne5 Bxe5+ 33.dxe5 Qc4 34.Qd2 Nc6 35.Re1
Re8 36.e6 Rxe6 37.Rxe6 fxe6 38.Qe3 d4 39.Qg5 Ne5 40.Qxh4+ Kg8
41.Qg3 Qe2 42.Kh1 d3 43.f4 d2 44.Rg1 d1Q 45.Rxd1 {0-1, Burstein S - Bhend Edwin (SUI) 2271, Munich (Germany) 1954}
) 7.Be3 g4 8.Nfd2 Bg5 9.Qe2 h5 10.Nb3 Bxe3 11.Qxe3 Nge7 12.N1d2
Ng6 13.Be2 a6 14.c4 Nb4 15.Bd1 Nd3+ 16.Kf1 Nxb2 17.Be2 Nxc4 18.Nxc4
dxc4 19.Bxc4 c6 20.Nc5 Qe7 21.Rd1 h4 22.a4 b5 23.Bb3 a5 24.Rc1
Kf8 25.Ke2 bxa4 26.Bxa4 Rc8 27.Rhd1 Kg7 28.Kf1 g3 29.fxg3 h3
30.gxh3 Rxh3 31.Kg1 Bg4 32.Rf1 Rch8 33.Rc2 Nh4 34.Bxc6 Nf5 35.Qf4
Nh6 36.Ne4 Bf5 37.Rff2 Bxe4 38.Bxe4 Rh5 39.Qf6+ Qxf6 40.exf6+ 1-0

[Event "Washington Open Championship"]
[Site "Seattle, WA"]
[Date "2013.05.25"]
[Round "2"]
[White "Losee Micah  (MO)"]
[Black "Robeal Rafik  (WA)"]
[Result "0-1"]
[WhiteElo "1770"]
[BlackElo "1572"]
[Annotator ""]
[Source ""]
[Remark "Open"]

1.d4 Nf6 2.c4 g6 3.Nf3 Bg7 4.Nc3 O-O 5.e4 d6 6.Be2 e5 7.O-O Nc6
8.d5 Ne7 9.b4 Nd7 10.Nd2 f5 11.f3 f4 12.Nb3 a6 13.c5 g5 14.cxd6
cxd6 15.Ba3 b5 16.Rc1 Rf6 17.Na5 Nb8 18.Nb1 Qb6+ 19.Kh1 Bd7 20.Rc3
Rg6 21.Nd2 h5 22.Qc2 Ra7 23.Rc1 Qf2 24.Ndb3 g4 25.fxg4 hxg4 26.Bxg4
Qxc2 27.R1xc2 Bxg4 28.Rc7 Rxc7 29.Rxc7 Bf8 30.Rb7 Nd7 31.h3 f3
32.Nd2 f2 33.Kh2 Nf6 34.hxg4 Nxe4 35.Nxe4 Rh6+ 36.Kg3 f1Q 37.Bc1
Qxc1 38.Nf6+ Rxf6 39.g5 Qxg5+ 40.Kh2 Rh6+ 41.Kg1 Qe3+ 42.Kf1
Rh1# 0-1

[Event "Washington Open Championship"]
[Site "Seattle, WA"]
[Date "2013.05.25"]
[Round "2"]
[White "Higinbotham Hugh  (WA)"]
[Black "He Anthony  (WA)"]
[Result "0-1"]
[WhiteElo "1468"]
[BlackElo "1728"]
[Annotator ""]
[Source ""]
[Remark "Open"]

1.d4 d5 2.Bf4 Nf6 3.e3 c5 4.Nf3 Nc6 5.c3 e6 6.Bd3 Be7 7.Nbd2
O-O 8.O-O Bd7 9.Ne5 Ne8 10.Qh5 f5 11.Ndf3 Nf6 12.Qh3 Ne4 13.Nxc6
bxc6 14.Ne5 Qe8 15.f3 Nf6 16.g4 c4 17.Bc2 fxg4 18.fxg4 Ne4 19.Bxe4
dxe4 20.Qg2 h5 21.gxh5 Rf5 22.h6 g5 23.Kh1 Rd8 24.Rg1 Qh5 25.Qxe4
Qxh6 26.Nxd7 Rxd7 27.Qxc6 Rd8 28.Qxc4 Kf7 29.Bg3 Rh8 30.Raf1
Kg7 31.Rxf5 exf5 32.Be5+ Bf6 33.Bxf6+ Qxf6 34.Qc7+ Kg6 35.d5
Rd8 36.c4 Rd6 37.b4 Qe5 38.Re1 Qe4+ 39.Kg1 Qg4+ 40.Kf2 Qh4+ 41.Ke2
Qxh2+ 42.Kd3 Rxd5+ 43.cxd5 Qxc7 44.a3 Kf6 45.Re2 Ke5 46.Rc2 Qd6
47.Rc5 g4 48.Ke2 Qa6+ 49.Kf2 Qxa3 50.d6+ Kxd6 51.Rxf5 Qxb4 52.Rf6+
Ke5 0-1

[Event "Washington Open Championship"]
[Site "Seattle, WA"]
[Date "2013.05.25"]
[Round "2"]
[White "Richards Jerrold  (WA)"]
[Black "Taylor Thomas  (WA)"]
[Result "0-1"]
[WhiteElo "1367"]
[BlackElo "1621"]
[Annotator ""]
[Source ""]
[Remark "Reserve"]

1.c4 e6 2.g3 c6 3.Bg2 Nf6 4.Nf3 d5 5.cxd5 exd5 6.d4 Bf5 7.Nc3
Nbd7 8.Bf4 Bb4 9.O-O O-O 10.a3 Ba5 11.b4 Bc7 12.Qd2 Re8 13.Bxc7
Qxc7 14.Rac1 Qd6 15.Nd1 Ne4 16.Qe1 Qh6 17.Ne3 Bh3 18.Nh4 Bxg2
19.Kxg2 Ndf6 20.Nhf5 Qh5 21.f3 Ng5 22.h4 Ne6 23.g4 Qg6 24.Qg3
Nxd4 25.h5 Nxf5 26.Nxf5 Rxe2+ 27.Rf2 Rxf2+ 28.Kxf2 Qg5 29.Ne7+
Kf8 30.Re1 Re8 31.Qd6 Ne4+ 32.fxe4 Qxe7 33.Qxe7+ Rxe7 34.e5 Re6
35.Kf3 f6 36.Kf4 Rxe5 37.Rxe5 fxe5+ 38.Kxe5 Ke7 39.g5 Kf7 40.a4
g6 41.h6 Ke7 42.a5 a6 43.Kd4 Ke6 44.Kc5 Ke5 45.b5 cxb5 46.Kb6
d4 47.Kxb7 d3 48.Kxa6 d2 49.Kb6 d1Q 50.a6 Qd8+ 51.Kxb5 Qb8+ 52.Kc6 0-1

[Event "Washington Open Championship"]
[Site "Seattle, WA"]
[Date "2013.05.25"]
[Round "2"]
[White "Fields Noah  (WA)"]
[Black "Harlin Jeremy  (WA)"]
[Result "1-0"]
[WhiteElo "1863"]
[BlackElo "1282"]
[Annotator ""]
[Source ""]
[Remark "Open"]

1.e4 e5 2.Nf3 Nf6 3.Nxe5 d6 4.Nf3 Nxe4 5.Nc3 Nf6 6.d4 Be7 7.h3
b6 8.Be3 Bb7 9.Be2 Nc6 10.Qd2 Qd7 11.O-O-O O-O-O 12.Bc4 d5 13.Bb5
Kb8 14.Rhe1 Qc8 15.a3 h6 16.Bxc6 Bxc6 17.Bxh6 Rxh6 18.Rxe7 Be8
19.Rde1 Ng8 20.R7e3 Rhd6 21.Qe2 Bd7 22.Ng5 Be6 23.Nxe6 fxe6 24.Rxe6
R6d7 25.Qb5 Qb7 26.Qxd7 Rxd7 27.Re8+ Qc8 28.Rxc8+ Kxc8 29.Re8+
Rd8 30.Rxd8+ Kxd8 31.Nxd5 Kd7 32.Kd2 Kd6 33.Ne3 Nf6 34.Nf5+ Kd5
35.Nxg7 Kxd4 36.Ne6+ 1-0

[Event "Washington Open Championship"]
[Site "Seattle, WA"]
[Date "2013.05.26"]
[Round "2"]
[White "Bashkansky Naomi (WA)"]
[Black "Hendricks David  (WA)"]
[Result "1/2-1/2"]
[WhiteElo "1580"]
[BlackElo "1720"]
[Annotator ""]
[Source ""]
[Remark "Premier"]

1.d4 Nf6 2.e3 g6 3.Bd3 Bg7 4.Nd2 O-O 5.f4 d5 6.Ngf3 Bg4 7.b3
Nbd7 8.Bb2 c5 9.O-O cxd4 10.exd4 Qb6 11.Qe1 Bxf3 12.Nxf3 e6 13.Ne5
Nxe5 14.fxe5 Nd7 15.Qf2 f6 16.exf6 Rxf6 17.Qh4 Raf8 18.Kh1 Qc7
19.c3 e5 20.Qg5 h6 21.Qg3 Qd6 22.c4 Rxf1+ 23.Rxf1 Rxf1+ 24.Bxf1
Qf6 25.Qf3 Qxf3 26.gxf3 exd4 27.cxd5 a6 28.Bh3 Nc5 29.Bc1 g5
30.Kg2 Kf7 31.f4 Nd3 32.Bd2 Nxf4+ 33.Bxf4 gxf4 34.Be6+ Kf6 35.Kf3
Ke5 36.Bc8 b6 37.Bxa6 Kxd5 38.Kxf4 Be5+ 39.Kf3 Bxh2 40.Bd3 Kc5
41.Ke4 Bg1 42.a3 Be3 43.Be2 Kd6 44.Kf5 Bc1 45.a4 Kc5 46.Ke4 Be3
47.Bd1 Kb4 48.Kd3 h5 49.Bxh5 Kxb3 50.Be8 Kb4 1/2-1/2

[Event "Washington Open Championship"]
[Site "Seattle, WA"]
[Date "2013.05.26"]
[Round "2"]
[White "Hadzic Huso  (WA)"]
[Black "Raptis Nick  (OR)"]
[Result "0-1"]
[WhiteElo "2191"]
[BlackElo "2265"]
[Annotator ""]
[Source ""]
[Remark "Open"]

1.e4 e6 2.d4 d5 3.Nd2 Nf6 4.e5 Nfd7 5.f4 c5 6.Ndf3 Nc6 7.Be3
Qb6 ( 7...Qb6 8.Rb1 f6 9.Ne2 cxd4 10.Nexd4 fxe5 11.fxe5 Nxd4
12.Bxd4 Bc5 13.c3 O-O 14.b4 Bxd4 15.Qxd4 Qxd4 16.cxd4 Nb6 17.Rc1
Bd7 18.Bd3 Rac8 19.Ke2 Nc4 20.Ng5 h6 21.Bxc4 dxc4 22.Ne4 Bc6
23.Nd6 Bxg2 24.Nxc8 Bxh1 25.Rxc4 a6 26.Rc1 Bg2 27.Rc7 Rf7 28.Rxf7
Kxf7 29.a4 g5 30.b5 axb5 31.axb5 h5 32.Kf2 Bh1 33.Kg3 Kg6 34.Ne7+
Kf7 35.Nc8 Kg6 36.Ne7+ Kf7 {1/2-1/2, Riedel Wolfgang (GER) 2301 - Mack Peter (GER) 2305, Germany 1985}
) 8.Rb1 Qa5+ 9.Bd2 Qb6 10.Bc3 cxd4 11.Nxd4 Nc5 12.Bb5 Bd7 13.Bxc6
bxc6 14.Nge2 Ne4 15.Bd2 c5 16.Nf3 Bb5 17.O-O Be7 18.Re1 O-O 19.Be3
d4 20.Nexd4 cxd4 21.Bxd4 Qb7 22.c3 Nc5 23.Re3 Rad8 24.Qc2 Qa6
25.c4 Bc6 26.Ng5 Ne4 27.Rxe4 Bxg5 28.Bc5 Bxe4 29.Qxe4 Rfe8 30.fxg5
Rc8 31.b4 Qxa2 32.Rf1 Rc7 33.Qd4 Qc2 34.Ra1 Rec8 35.h3 Qf5 36.h4
Qc2 37.Kh2 Qe2 38.Kg1 Rb7 39.Rd1 h6 40.gxh6 a5 41.Rd3 axb4 42.Rg3
g6 43.Qf4 Qh5 44.Be3 Qf5 45.h7+ Kh8 46.Qd4 b3 47.Rf3 0-1

[Event "Washington Open Championship"]
[Site "Seattle, WA"]
[Date "2013.05.26"]
[Round "2"]
[White "Davis Frederick  (WA)"]
[Black "Saarenas Mark  (WA)"]
[Result "1/2-1/2"]
[WhiteElo "1790"]
[BlackElo "1874"]
[Annotator ""]
[Source ""]
[Remark "Premier"]

1.e4 e6 2.d4 d5 3.Nc3 Bb4 4.Nge2 dxe4 5.a3 Be7 6.Nxe4 Nd7 7.N2g3
Ngf6 8.Be2 O-O 9.Bf3 Nxe4 10.Nxe4 c5 11.dxc5 Nxc5 12.Be3 Nxe4
13.Bxe4 Qa5+ 14.c3 Qb5 15.Qc2 f5 16.Bf3 e5 17.O-O-O Be6 18.Be2
Qa5 19.f3 Rac8 20.Bd2 b5 21.Kb1 Qb6 22.b4 a5 23.Qb2 Bf6 24.Rc1
e4 25.fxe4 fxe4 26.bxa5 Qxa5 27.Qb4 Qxb4+ 28.cxb4 e3 29.Bxe3
Bf5+ 30.Ka2 Be6+ 31.Kb1 Bf5+ 32.Ka2 Rfe8 33.Bxb5 Be6+
( 33...Rxe3 34.Rxc8+ Bxc8 $17 ) 34.Kb1 Bf5+ 35.Ka2 Be6+ 1/2-1/2

[Event "Washington Open Championship"]
[Site "Seattle, WA"]
[Date "2013.05.26"]
[Round "3"]
[White "Raffel Brian  (WA)"]
[Black "Michaels Trey  (WA)"]
[Result "0-1"]
[WhiteElo "1477"]
[BlackElo "1811"]
[Annotator ""]
[Source ""]
[Remark "Open"]

1.e4 d6 2.d4 Nf6 3.Nc3 g6 4.Nf3 Bg7 5.Be3 O-O 6.Bd3 Nbd7 7.O-O
c6 8.Re1 e5 9.Qd2 Ng4 10.Bg5 Qc7 11.h3 exd4 12.Nxd4 Nge5 13.Bh6
Nxd3 14.Bxg7 Kxg7 15.cxd3 Ne5 16.Qe3 Qb6 17.b3 Bxh3 18.gxh3 Kg8
{%02$16/+-} 19.f4 {%02?  Premature.  Needed Kh1 first.} Qxd4
20.fxe5 Qxc3 21.exd6 Qe5 22.d4 Qxd6 23.Rf1 Rad8 24.Rad1 f6 25.h4
Qe6 26.Qf3 Rde8 27.Rde1 Qd6 28.Rd1 Kg7 29.Qg4 Qe6 30.Qg3 Qxe4
31.Rfe1 Qf5 32.Rf1 Qd5 33.Qf2 Re4 34.Kh2 Qh5 35.Kh3 Qg4+ 36.Kh2
Re2 0-1